[Event "Montcalm II 2010-11"]
[Site "Quebec CAN"]
[Date "2010.10.14"]
[Round "1"]
[White "Bourassa, Andre"]
[Black "Cummins, Paul"]
[Result "0-1"]
[WhiteElo "1763"]
[BlackElo "1751"]
[PlyCount "120"]
[EventDate "2010.10.14"]
[EventType "swiss"]
[EventRounds "5"]
[EventCountry "CAN"]

1. d4 Nf6 2. c4 e6 3. Nc3 d5 4. Bg5 c6 5. e3 Nbd7 6. Nf3 Be7 7. Bd3 h6 8. Bh4
O-O 9. O-O dxc4 10. Bxc4 b5 11. Bd3 Bb7 12. Rc1 Nb6 13. Qb3 a6 14. Ne5 Rc8 15.
Rfd1 Nfd7 16. Bxe7 Qxe7 17. Nxd7 Nxd7 18. Ne4 e5 19. Ng3 exd4 20. Nf5 Qf6 21.
Nxd4 c5 22. Nxb5 axb5 23. Bxb5 Ne5 24. f4 Ng6 25. Bd3 Rb8 26. Qc3 Qc6 27. Qc2
Ne7 28. Qe2 Qb6 29. Rc2 Nd5 30. Bc4 Nf6 31. Rc3 Qc7 32. Rdc1 Ba8 33. b3 Rfd8
34. Bd3 Qd6 35. Rd1 Qe7 36. Rdc1 Nd5 37. Rxc5 Qxe3+ 38. Qxe3 Nxe3 39. Bf1 Kh7
40. Kf2 Ng4+ 41. Kg3 Nf6 42. Rc7 Rb4 43. Bc4 Rd2 44. Rg1 Ne4+ 45. Kh4 Nd6 46.
a3 Rb7 47. Rc5 Ra7 48. a4 Nxc4 49. Rxc4 Bxg2 50. f5 Bd5 51. Rcg4 f6 52. Rb4
Rxh2+ 53. Kg3 Rb2 54. Rd4 Rxb3+ 55. Kf4 Bc6 56. Ra1 Ra5 57. Kg4 Bf3+ 58. Kf4
Bh5 59. Rg1 Rf3+ 60. Ke4 Re5# 0-1

[Event "Montcalm II 2010-11"]
[Site "Quebec CAN"]
[Date "2010.10.14"]
[Round "1"]
[White "Plante, Rejean"]
[Black "Caire, Francois"]
[Result "0-1"]
[WhiteElo "1989"]
[BlackElo "2233"]
[PlyCount "56"]
[EventDate "2010.10.14"]
[EventType "swiss"]
[EventRounds "5"]
[EventCountry "CAN"]

1. d4 d5 2. Nf3 c6 3. g3 Nf6 4. Bg2 Bf5 5. O-O e6 6. b3 Nbd7 7. c4 Be7 8. Bb2
O-O 9. Nc3 Ne4 10. Nd2 Nxd2 11. Qxd2 Nf6 12. Rad1 Bg6 13. Qc1 Rc8 14. c5 b6 15.
b4 Rb8 16. a3 bxc5 17. bxc5 Qd7 18. h3 Rb3 19. Rd2 Rfb8 20. e3 Bd8 21. f3 Ba5
22. Rdf2 Bd3 23. Rd1 Bxc3 24. Bxc3 Rb1 25. Qd2 Rxd1+ 26. Qxd1 Rb1 27. Qxb1 Bxb1
28. Rb2 Bd3 0-1

[Event "Montcalm II 2010-11"]
[Site "Quebec CAN"]
[Date "2010.10.21"]
[Round "2"]
[White "Bonneau, Daniel"]
[Black "Plante, Rejean"]
[Result "0-1"]
[WhiteElo "2071"]
[BlackElo "1989"]
[PlyCount "96"]
[EventDate "2010.10.14"]
[EventType "swiss"]
[EventRounds "5"]
[EventCountry "CAN"]

1. c4 g6 2. d4 Nf6 3. Nc3 Bg7 4. e4 d6 5. Nf3 O-O 6. Be2 e5 7. Be3 Nc6 8. d5
Ne7 9. Nd2 Ne8 10. O-O f5 11. f3 f4 12. Bf2 g5 13. b4 Ng6 14. Qb3 Kh8 15. c5 h5
16. Nc4 g4 17. a4 Qg5 18. Kh1 g3 19. Bg1 h4 20. Rfc1 h3 21. Bf1 Nh4 22. Ra2
hxg2+ 23. Bxg2 Nxg2 24. Rxg2 Bh3 25. Qc2 Rf6 26. cxd6 cxd6 27. Nb5 Rc8 28. Qd2
a6 29. Na7 Rc7 30. Rxg3 fxg3 31. Qxg5 g2+ 32. Qxg2 Bxg2+ 33. Kxg2 Rg6+ 34. Kh1
Bh6 35. Rc2 Rf7 36. Nc8 Rxf3 37. Ne7 Rg4 38. Nf5 Rf1 39. Ng3 Rb1 40. Nb2 Be3
41. Kg2 Bxg1 42. Nd3 Bd4 43. Rc8 Rg8 44. Kf3 Rb3 45. Ke2 Rc3 46. Rd8 Rc2+ 47.
Kf3 Rxh2 48. Rb8 Rh3 0-1

[Event "Montcalm II 2010-11"]
[Site "Quebec CAN"]
[Date "2010.10.21"]
[Round "2"]
[White "Bourassa, Andre"]
[Black "Dumont, Eric"]
[Result "1-0"]
[WhiteElo "1763"]
[BlackElo "1672"]
[PlyCount "65"]
[EventDate "2010.10.14"]
[EventType "swiss"]
[EventRounds "5"]
[EventCountry "CAN"]

1. d4 f5 2. Bg5 g6 3. e3 Bg7 4. c4 Nf6 5. Nc3 d6 6. Nf3 c6 7. Qb3 Qb6 8. Bd3
Be6 9. O-O O-O 10. Qc2 Nbd7 11. c5 Qd8 12. b4 d5 13. a4 Ne4 14. Bf4 Ndf6 15. b5
Nxc3 16. Qxc3 Ne4 17. Qc2 Rc8 18. Rfb1 cxb5 19. axb5 Ra8 20. Ra3 b6 21. c6 Nd6
22. Rba1 Qc7 23. Qa2 a5 24. Ng5 Qc8 25. Bxd6 exd6 26. e4 Bxd4 27. Rf1 fxe4 28.
Bxe4 Rf6 29. Bxd5 Qf8 30. Bxe6+ Kg7 31. Rf3 Re8 32. Bd7 Rxf3 33. Nxf3 1-0

[Event "Montcalm II 2010-11"]
[Site "Quebec CAN"]
[Date "2010.10.21"]
[Round "2"]
[White "Caire, Francois"]
[Black "Perron, Jonathan"]
[Result "1/2-1/2"]
[WhiteElo "2233"]
[BlackElo "2075"]
[PlyCount "166"]
[EventDate "2010.10.14"]
[EventType "swiss"]
[EventRounds "5"]
[EventCountry "CAN"]

1. Nf3 Nf6 2. d4 d5 3. c4 e6 4. Nc3 Bb4 5. cxd5 exd5 6. Bg5 h6 7. Bxf6 Qxf6 8.
Qb3 Bxc3+ 9. Qxc3 c6 10. e3 O-O 11. Bd3 Qe7 12. O-O Nd7 13. b4 Nf6 14. b5 Ne4
15. Qb2 c5 16. dxc5 Nxc5 17. Qb4 Re8 18. Rfd1 Be6 19. Rac1 Rac8 20. Be2 Qf8 21.
Qa5 Ne4 22. Nd4 Rxc1 23. Rxc1 Rc8 24. Ra1 Qc5 25. Bd3 Bd7 26. Bxe4 dxe4 27. a4
a6 28. h3 axb5 29. axb5 Kh7 30. Qa4 Qg5 31. Kf1 Qd5 32. Rb1 Rc4 33. Qb3 Qc5 34.
Kg1 b6 35. Qa2 f5 36. Qa7 Qd6 37. Qb7 Rc7 38. Qa8 Rc8 39. Qb7 Rb8 40. Qa7 Rf8
41. Rc1 Rf7 42. Qc7 Qf6 43. Nc6 Qb2 44. Ne5 Re7 45. Nxd7 Rxd7 46. Qxd7 Qxc1+
47. Kh2 Qc5 48. Qc6 Qe5+ 49. g3 Qb2 50. Kg2 Qe2 51. Qd5 Qf3+ 52. Kg1 Kh8 53.
Qa8+ Kh7 54. Qc6 Qd1+ 55. Kg2 Qf3+ 56. Kg1 Qd1+ 57. Kh2 Qf1 58. Qxb6 Qxf2+ 59.
Kh1 Qf3+ 60. Kh2 Qf2+ 61. Kh1 Qxg3 62. Qc5 Qxh3+ 63. Kg1 Qg3+ 64. Kf1 Qf3+ 65.
Ke1 Qh1+ 66. Kf2 Qh4+ 67. Ke2 Qg4+ 68. Ke1 f4 69. exf4 Qxf4 70. b6 Qg3+ 71. Kd2
Qd3+ 72. Kc1 Qf1+ 73. Kd2 Qf4+ 74. Ke2 Qf3+ 75. Kd2 Qf4+ 76. Ke2 Qg4+ 77. Kd2
Qd7+ 78. Kc1 Qf7 79. Qb5 Qf4+ 80. Kc2 Qf2+ 81. Kb3 Qe3+ 82. Kc2 Qf2+ 83. Kb3
Qe3+ 1/2-1/2

[Event "Montcalm II 2010-11"]
[Site "Quebec CAN"]
[Date "2010.10.21"]
[Round "2"]
[White "Caron, Sebastien"]
[Black "Gaulin, Gaetan"]
[Result "1/2-1/2"]
[WhiteElo "1995"]
[BlackElo "1979"]
[PlyCount "68"]
[EventDate "2010.10.14"]
[EventType "swiss"]
[EventRounds "5"]
[EventCountry "CAN"]

1. d4 Nf6 2. c4 e6 3. Nc3 Bb4 4. Nf3 c5 5. e3 d5 6. Qc2 O-O 7. Bd2 Nc6 8. dxc5
Bxc5 9. Rd1 Qe7 10. Be2 dxc4 11. Bxc4 e5 12. Na4 Bb4 13. e4 Bg4 14. Be2 Rac8
15. Nc3 Nd4 16. Qb1 h6 17. Nxd4 exd4 18. Nd5 Nxd5 19. Bxg4 f5 20. Bxf5 Rxf5 21.
O-O Rh5 22. exd5 Bd6 23. g3 Rxd5 24. Qg6 Qf7 25. Qxf7+ Kxf7 26. Rc1 Re8 27.
Rfe1 Rxe1+ 28. Bxe1 d3 29. Rd1 Be5 30. Bc3 Kf6 31. Kg2 Bxc3 32. bxc3 d2 33. Kf3
Rd3+ 34. Ke2 Rxc3 1/2-1/2

[Event "Montcalm II 2010-11"]
[Site "Quebec CAN"]
[Date "2010.10.21"]
[Round "2"]
[White "Drolet, Stephane"]
[Black "Bergeron, Marc"]
[Result "1-0"]
[WhiteElo "2143"]
[BlackElo "2041"]
[PlyCount "143"]
[EventDate "2010.10.14"]
[EventType "swiss"]
[EventRounds "5"]
[EventCountry "CAN"]

1. c4 e5 2. Nc3 Nc6 3. g3 Bc5 4. Bg2 Nf6 5. e3 O-O 6. a3 a5 7. Nge2 Re8 8. O-O
d6 9. d4 Bb6 10. d5 Nb8 11. Na4 Ba7 12. Nec3 c6 13. b3 e4 14. Bb2 Na6 15. h3
Rb8 16. Qe2 Nc7 17. dxc6 bxc6 18. Qc2 Qe7 19. Ne2 Ba6 20. Nd4 Qd7 21. Rfd1 Rb7
22. Bc3 d5 23. cxd5 cxd5 24. Bxa5 Nb5 25. Nxb5 Bxb5 26. Nb2 Rc8 27. Qd2 Ba6 28.
Bb4 Rbc7 29. Rac1 Rc6 30. Rxc6 Qxc6 31. Na4 Qc2 32. Qxc2 Rxc2 33. Bf1 Bxf1 34.
Kxf1 h5 35. Nc3 Bc5 36. Nxd5 Nxd5 37. Rxd5 Bxb4 38. axb4 Rb2 39. Rxh5 Rxb3 40.
b5 g6 41. Rc5 Rb2 42. g4 Kg7 43. Kg2 Kf6 44. Rc6+ Ke5 45. b6 g5 46. Rc7 Rxb6
47. Rxf7 Rg6 48. Rf5+ Ke6 49. Ra5 Rg8 50. Kg3 Kd6 51. f4 exf3 52. Kxf3 Ke6 53.
e4 Rh8 54. Rxg5 Rxh3+ 55. Kf4 Rh1 56. Rg6+ Kf7 57. Rb6 Rf1+ 58. Kg5 Re1 59.
Rf6+ Ke7 60. Rf4 Ke6 61. Kg6 Ke5 62. Rf8 Rg1 63. g5 Kxe4 64. Rf5 Ra1 65. Rb5
Kf4 66. Kh6 Rh1+ 67. Kg7 Rh5 68. Kf6 Ke4 69. Rb4+ Kd5 70. g6 Rh1 71. Rf4 Ra1
72. g7 1-0

[Event "Montcalm II 2010-11"]
[Site "Quebec CAN"]
[Date "2010.10.28"]
[Round "3"]
[White "Bergeron, Marc"]
[Black "Caire, Francois"]
[Result "0-1"]
[WhiteElo "2041"]
[BlackElo "2233"]
[PlyCount "116"]
[EventDate "2010.10.14"]
[EventType "swiss"]
[EventRounds "5"]
[EventCountry "CAN"]

1. e4 c5 2. Nf3 Nc6 3. d4 cxd4 4. Nxd4 Nf6 5. Nc3 e5 6. Ndb5 d6 7. Nd5 Nxd5 8.
exd5 Nb8 9. c4 Be7 10. Bd3 O-O 11. O-O a6 12. Nc3 f5 13. f4 Nd7 14. Kh1 exf4
15. Bxf4 Ne5 16. c5 Nxd3 17. Qxd3 g5 18. Bxd6 Bxd6 19. cxd6 Qxd6 20. Rae1 Bd7
21. Qd2 h6 22. h4 f4 23. Ne4 Qg6 24. Nc5 Bg4 25. Ne6 Rf6 26. g3 Bxe6 27. dxe6
fxg3 28. Rxf6 Qxf6 29. hxg5 hxg5 30. e7 Re8 31. Kg2 Kg7 32. Kxg3 Rxe7 33. Rxe7+
Qxe7 34. Qd4+ Kg6 35. Qd3+ Kf6 36. Kg4 Qb4+ 37. Kg3 Qe1+ 38. Kg2 Qe7 39. Qd4+
Kg6 40. a3 Kf5 41. Kf3 Qf7 42. Qc5+ Ke6+ 43. Kg2 Qd7 44. Qe3+ Kf6 45. Qf3+ Kg7
46. Kg3 Qc6 47. Qf5 Qb5 48. Qc2 Qe5+ 49. Kg2 Qd5+ 50. Kg3 Qd6+ 51. Kg4 Qf4+ 52.
Kh3 Qf3+ 53. Kh2 g4 54. Qc7+ Kf6 55. Qd6+ Kf5 56. Qd7+ Kf4 57. Qf7+ Ke3 58.
Qb3+ Kd2 0-1

[Event "Montcalm II 2010-11"]
[Site "Quebec CAN"]
[Date "2010.10.28"]
[Round "3"]
[White "Perron, Jonathan"]
[Black "Bonneau, Daniel"]
[Result "0-1"]
[WhiteElo "2075"]
[BlackElo "2071"]
[PlyCount "119"]
[EventDate "2010.10.14"]
[EventType "swiss"]
[EventRounds "5"]
[EventCountry "CAN"]

1. e4 e6 2. d4 d5 3. Nd2 c5 4. exd5 Qxd5 5. Ngf3 cxd4 6. Bc4 Qd6 7. O-O Nf6 8.
Nb3 Nc6 9. Nbxd4 Nxd4 10. Nxd4 a6 11. a4 Qc7 12. Bb3 Bd6 13. Kh1 O-O 14. Qf3 e5
15. Nf5 e4 16. Qh3 Qc5 17. g4 Nxg4 18. Qxg4 Bxf5 19. Qh4 Bg6 20. Rd1 Be7 21.
Qg3 Rad8 22. Be3 Qf5 23. c3 Bh5 24. Rxd8 Rxd8 25. Bd4 Bf3+ 26. Kg1 Bf6 27. Bd1
Bxd1 28. Rxd1 Be5 29. Qh4 Rd6 30. Re1 Bxd4 31. cxd4 Rxd4 32. Qe7 Qg6+ 33. Kf1
Qc6 34. Qe5 Qc4+ 35. Kg1 h6 36. Qb8+ Kh7 37. Qxb7 Qe6 38. b4 f5 39. Kh1 Rd7 40.
Qc8 Qd5 41. Qc5 Qxc5 42. bxc5 Rc7 43. Rc1 Kg8 44. h4 Kf7 45. Kg2 Ke6 46. Rb1
Kd5 47. Rb6 Rc6 48. Rb7 g6 49. Rf7 Kxc5 50. h5 Kb4 51. Kg3 Kxa4 52. Kf4 a5 53.
hxg6 Rxg6 54. Kxf5 Rb6 55. Kxe4 Kb4 56. f4 a4 57. Rg7 a3 58. f5 a2 59. Ra7 Kb3
60. Kd3 0-1

[Event "Montcalm II 2010-11"]
[Site "Quebec CAN"]
[Date "2010.10.28"]
[Round "3"]
[White "Plante, Rejean"]
[Black "Drolet, Stephane"]
[Result "0-1"]
[WhiteElo "1989"]
[BlackElo "2143"]
[PlyCount "90"]
[EventDate "2010.10.14"]
[EventType "swiss"]
[EventRounds "5"]
[EventCountry "CAN"]

1. e4 e6 2. Nf3 c5 3. d4 cxd4 4. Nxd4 Nf6 5. Bd3 Nc6 6. Nb3 d5 7. exd5 Nxd5 8.
O-O Be7 9. N1d2 O-O 10. Nf3 b6 11. c3 Bb7 12. Qe2 Bf6 13. Qe4 g6 14. Bh6 Re8
15. Rac1 Qe7 16. Rfd1 a5 17. a4 Rad8 18. Bb5 Rc8 19. Qe2 Red8 20. Nbd2 Qc7 21.
Ne4 Bh8 22. g3 Nce7 23. c4 Nf6 24. Bf4 Qxf4 25. gxf4 Nxe4 26. Rxd8+ Rxd8 27.
Rd1 Rb8 28. Ne5 Bxe5 29. fxe5 Nf5 30. Rd7 Ng5 31. Rxb7 Rxb7 32. f4 Nd4 33. Qe3
Ngf3+ 34. Kf2 Rc7 35. b3 g5 36. Qe4 Ra7 37. fxg5 Rc7 38. Qa8+ Kg7 39. Qb8 Rc5
40. Qxb6 Nxe5 41. Qxa5 Ng4+ 42. Ke1 Re5+ 43. Kf1 Rf5+ 44. Kg2 Ne3+ 45. Kg3 Rf3+
0-1

[Event "Montcalm II 2010-11"]
[Site "Quebec CAN"]
[Date "2010.11.04"]
[Round "4"]
[White "Bluteau, Yvon"]
[Black "Sauve, Richard"]
[Result "1-0"]
[WhiteElo "1856"]
[BlackElo "1903"]
[PlyCount "41"]
[EventDate "2010.10.14"]
[EventType "swiss"]
[EventRounds "5"]
[EventCountry "CAN"]

1. Nf3 f5 2. d4 Nf6 3. c4 g6 4. g3 Bg7 5. Bg2 O-O 6. O-O d6 7. Nc3 Nc6 8. Bf4
h6 9. h4 Bd7 10. Re1 Ne4 11. Rc1 e5 12. dxe5 Nxc3 13. Rxc3 Kh7 14. Rd3 Nb4 15.
Rd2 Nxa2 16. Qb3 dxe5 17. Bxe5 Bxe5 18. Nxe5 Ba4 19. Rxd8 Bxb3 20. Rd7+ Kg8 21.
Bd5+ 1-0

[Event "Montcalm II 2010-11"]
[Site "Quebec CAN"]
[Date "2010.11.04"]
[Round "4"]
[White "Bourassa, Andre"]
[Black "Bleau, John"]
[Result "1/2-1/2"]
[WhiteElo "1763"]
[BlackElo "1786"]
[PlyCount "33"]
[EventDate "2010.10.14"]
[EventType "swiss"]
[EventRounds "5"]
[EventCountry "CAN"]

1. d4 d5 2. c4 dxc4 3. e4 Nf6 4. Nc3 e5 5. Bxc4 Qxd4 6. Qxd4 exd4 7. Nb5 Bb4+
8. Ke2 Na6 9. f3 Bc5 10. Bf4 Bb6 11. Rd1 O-O 12. Nxd4 Nc5 13. Nb5 Be6 14. Bxe6
Nxe6 15. Be3 Rfd8 16. Nh3 Rd7 17. Bxb6 1/2-1/2

[Event "Montcalm II 2010-11"]
[Site "Quebec CAN"]
[Date "2010.11.04"]
[Round "4"]
[White "Caron, Sebastien"]
[Black "Auger, Bertrand"]
[Result "1/2-1/2"]
[WhiteElo "1995"]
[BlackElo "1965"]
[PlyCount "45"]
[EventDate "2010.10.14"]
[EventType "swiss"]
[EventRounds "5"]
[EventCountry "CAN"]

1. e4 e6 2. d4 d5 3. Nc3 Bb4 4. e5 Ne7 5. Be2 c5 6. a3 Bxc3+ 7. bxc3 Nbc6 8.
Nf3 Qc7 9. O-O Bd7 10. Bf4 c4 11. Qd2 h6 12. h4 O-O-O 13. h5 Rdg8 14. Nh4 Rh7
15. g3 g5 16. hxg6 Nxg6 17. Nxg6 fxg6 18. Bxh6 Rgh8 19. Bg5 Rh1+ 20. Kg2 R1h2+
21. Kg1 Rh1+ 22. Kg2 R1h2+ 23. Kg1 1/2-1/2

[Event "Montcalm II 2010-11"]
[Site "Quebec CAN"]
[Date "2010.11.04"]
[Round "4"]
[White "Drolet, Stephane"]
[Black "Caire, Francois"]
[Result "1/2-1/2"]
[WhiteElo "2143"]
[BlackElo "2233"]
[PlyCount "42"]
[EventDate "2010.10.14"]
[EventType "swiss"]
[EventRounds "5"]
[EventCountry "CAN"]

1. d4 Nf6 2. Nf3 e6 3. Bf4 c5 4. e3 d5 5. c3 Nc6 6. Nbd2 Bd6 7. Bg3 O-O 8. Bd3
Qe7 9. Ne5 Nd7 10. Nxd7 Bxd7 11. Bxd6 Qxd6 12. dxc5 Qxc5 13. Bxh7+ Kxh7 14.
Qh5+ Kg8 15. Ne4 Qb5 16. Ng5 Qd3 17. e4 Rfd8 18. Qxf7+ Kh8 19. Qh5+ Kg8 20. Rd1
Qc4 21. Qf7+ Kh8 1/2-1/2

[Event "Montcalm II 2010-11"]
[Site "Quebec CAN"]
[Date "2010.11.04"]
[Round "4"]
[White "Plante, Rejean"]
[Black "Perron, Jonathan"]
[Result "0-1"]
[WhiteElo "1989"]
[BlackElo "2075"]
[PlyCount "58"]
[EventDate "2010.10.14"]
[EventType "swiss"]
[EventRounds "5"]
[EventCountry "CAN"]

1. d4 Nf6 2. Nf3 e6 3. Bg5 h6 4. Bxf6 Qxf6 5. e4 d5 6. e5 Qd8 7. Nbd2 c5 8. c3
Nc6 9. dxc5 Bxc5 10. Nb3 Be7 11. Bd3 O-O 12. h4 f6 13. exf6 Bxf6 14. Bc2 e5 15.
Ng5 e4 16. Nh3 Bxh4 17. g3 Bg5 18. Nxg5 Qxg5 19. Rh5 Qf6 20. Qxd5+ Be6 21. Qc5
Bg4 22. Rh4 e3 23. f4 Qe6 24. Nc1 Kh8 25. Ne2 Rad8 26. Rd1 b6 27. Qg5 Bxe2 28.
Kxe2 Rxd1 29. Kxd1 Qd7+ 0-1

[Event "Montcalm II 2010-11"]
[Site "Quebec CAN"]
[Date "2010.11.11"]
[Round "5"]
[White "Auger, Bertrand"]
[Black "Marquis, Paul"]
[Result "0-1"]
[WhiteElo "1965"]
[BlackElo "1959"]
[PlyCount "100"]
[EventDate "2010.10.14"]
[EventType "swiss"]
[EventRounds "5"]
[EventCountry "CAN"]

1. Nf3 d5 2. g3 Nf6 3. Bg2 c5 4. O-O Nc6 5. d4 e6 6. c4 cxd4 7. cxd5 exd5 8.
Nxd4 Bc5 9. Nb3 Bb6 10. Nc3 d4 11. Na4 Bc7 12. Nac5 O-O 13. Bg5 h6 14. Bd2 Qe7
15. Rc1 Bg4 16. Re1 Bb6 17. h3 Bh5 18. Na4 d3 19. g4 Nxg4 20. Nxb6 Nxf2 21.
Kxf2 Qh4+ 22. Kg1 Bxe2 23. Rc4 Qg3 24. Bf4 Qg6 25. Rxe2 dxe2 26. Qxe2 axb6 27.
Nc1 Rfe8 28. Re4 Rxe4 29. Qxe4 Qxe4 30. Bxe4 Ra4 31. Bxc6 bxc6 32. Be3 b5 33.
b3 Re4 34. Kf2 f5 35. Nd3 Kf7 36. Kf3 g5 37. Nf2 Re8 38. Nd3 Ke6 39. h4 f4 40.
Bb6 Kf5 41. hxg5 hxg5 42. a4 bxa4 43. bxa4 Re4 44. a5 Ra4 45. Nc5 Ra3+ 46. Kf2
g4 47. a6 g3+ 48. Ke1 f3 49. a7 f2+ 50. Ke2 Ra2+ 0-1

[Event "Montcalm II 2010-11"]
[Site "Quebec CAN"]
[Date "2010.11.11"]
[Round "5"]
[White "Caire, Francois"]
[Black "Bonneau, Daniel"]
[Result "1-0"]
[WhiteElo "2233"]
[BlackElo "2071"]
[PlyCount "61"]
[EventDate "2010.10.14"]
[EventType "swiss"]
[EventRounds "5"]
[EventCountry "CAN"]

1. d4 Nf6 2. Bg5 d5 3. Bxf6 exf6 4. e3 Bf5 5. Bd3 Bxd3 6. Qxd3 c6 7. Ne2 Bd6 8.
Nd2 Nd7 9. c4 dxc4 10. Nxc4 Bb4+ 11. Nc3 O-O 12. a3 Be7 13. e4 Ne5 14. Nxe5
fxe5 15. d5 Qd7 16. O-O Rad8 17. Qg3 Qc7 18. Rac1 Qb8 19. b4 a6 20. Rc2 f5 21.
dxc6 bxc6 22. exf5 Rxf5 23. Ne4 Qb6 24. Qb3+ Rf7 25. Qe6 Qd4 26. Qxc6 Rdf8 27.
Rd2 Qa7 28. Qe6 Bh4 29. Nd6 Qb6 30. Qa2 Bxf2+ 31. Rdxf2 1-0

[Event "Montcalm II 2010-11"]
[Site "Quebec CAN"]
[Date "2010.11.11"]
[Round "5"]
[White "Lamontagne, Danny"]
[Black "Bourassa, Andre"]
[Result "0-1"]
[WhiteElo "1738"]
[BlackElo "1763"]
[PlyCount "90"]
[EventDate "2010.10.14"]
[EventType "swiss"]
[EventRounds "5"]
[EventCountry "CAN"]

1. e4 c5 2. c3 e5 3. Nf3 Nc6 4. Bc4 d6 5. d3 Be6 6. Nbd2 Bxc4 7. Nxc4 b5 8. Ne3
g6 9. O-O Bg7 10. Re1 Nge7 11. Qe2 O-O 12. Bd2 Rb8 13. a3 Qd7 14. Rad1 Rbd8 15.
Nc2 Na5 16. d4 c4 17. dxe5 dxe5 18. Bg5 Qc7 19. Nb4 f6 20. Be3 Nb3 21. Na6 Qc8
22. Nb4 a5 23. Nd5 Nxd5 24. exd5 Rd6 25. Nd2 Nxd2 26. Rxd2 Rfd8 27. Red1 f5 28.
f3 Qb7 29. a4 Rxd5 30. axb5 Qxb5 31. Bg5 R8d7 32. b3 h6 33. Rxd5 Rxd5 34. Rxd5
Qxd5 35. bxc4 Qc6 36. Be7 e4 37. fxe4 Qxe4 38. Qxe4 fxe4 39. c5 Kf7 40. Bd6
Bxc3 41. c6 Ke6 42. Bf4 a4 43. c7 Kd7 44. Bd6 Bb2 45. Kf1 a3 0-1

[Event "Montcalm II 2010-11"]
[Site "Quebec CAN"]
[Date "2010.11.11"]
[Round "5"]
[White "Perron, Jonathan"]
[Black "Drolet, Stephane"]
[Result "0-1"]
[WhiteElo "2075"]
[BlackElo "2143"]
[PlyCount "78"]
[EventDate "2010.10.14"]
[EventType "swiss"]
[EventRounds "5"]
[EventCountry "CAN"]

1. e4 e6 2. d4 d5 3. Nd2 Nf6 4. e5 Nfd7 5. Ngf3 c5 6. c3 b6 7. Bb5 Ba6 8. a4
Be7 9. Nf1 Qc8 10. Ng3 Nc6 11. Qe2 Bxb5 12. axb5 Na5 13. Nh5 O-O 14. Bg5 Re8
15. Bxe7 Rxe7 16. dxc5 Qxc5 17. Ra4 Nc4 18. O-O Qxb5 19. Rb4 Qc5 20. b3 a5 21.
Ra4 b5 22. Ra2 Ncb6 23. Qd2 h6 24. b4 axb4 25. Rxa8+ Nxa8 26. cxb4 Qc7 27. Rc1
Qb8 28. Qf4 Nf8 29. Nd4 Ng6 30. Qg3 Rc7 31. Ra1 Ra7 32. Rxa7 Qxa7 33. Qc3 Nb6
34. Ng3 Qa4 35. Qc5 Qd1+ 36. Nf1 Nc4 37. Nc6 Nd2 38. Qxb5 Nf4 39. g3 Ne2+ 0-1

[Event "Montcalm III 2010-11"]
[Site "Quebec CAN"]
[Date "2010.11.18"]
[Round "1"]
[White "Caire, Francois"]
[Black "Labrecque, Rejean"]
[Result "1-0"]
[WhiteElo "2247"]
[BlackElo "1749"]
[PlyCount "115"]
[EventDate "2010.11.18"]
[EventType "tourn"]
[EventRounds "5"]
[EventCountry "CAN"]

1. d4 d5 2. Nf3 Nf6 3. c4 e6 4. Nc3 Bb4 5. cxd5 exd5 6. Bg5 O-O 7. e3 Bf5 8.
Qb3 Nc6 9. Bxf6 gxf6 10. Bb5 Qd6 11. O-O Rfd8 12. Nh4 Bg6 13. a3 Bxc3 14. Qxc3
Ne7 15. Rac1 c6 16. Be2 f5 17. g3 Kh8 18. Bd3 Rg8 19. Ng2 Bh5 20. f3 Rad8 21.
Qc5 Qxc5 22. Rxc5 Bg6 23. Nh4 Rd6 24. Rc3 Kg7 25. b4 Re6 26. Kf2 Re8 27. b5 Kf6
28. Rfc1 Rd8 29. Ng2 cxb5 30. Bxb5 Rb6 31. Rb3 Ke6 32. a4 Nc6 33. Nf4+ Kd6 34.
Rc5 a6 35. Nxd5 axb5 36. Nxb6 bxa4 37. Nxa4 Ra8 38. Nc3 Nd8 39. Nb5+ Ke7 40.
Rc7+ Kf8 41. Ra3 Rb8 42. d5 f6 43. Rac3 Bf7 44. e4 fxe4 45. fxe4 f5 46. exf5
Bxd5 47. Rxh7 Bc6 48. Nd4 Kg8 49. Rc7 Ra8 50. Ke3 Kf8 51. g4 Ra2 52. Nxc6 bxc6
53. h3 Rg2 54. Kf4 Rd2 55. h4 Rd4+ 56. Kg5 Nf7+ 57. Rxf7+ Kxf7 58. Rxc6 1-0

[Event "Montcalm III 2010-11"]
[Site "Quebec CAN"]
[Date "2010.11.18"]
[Round "1"]
[White "Hines, Jason"]
[Black "Bourassa, Andre"]
[Result "0-1"]
[WhiteElo "1138"]
[BlackElo "1787"]
[PlyCount "88"]
[EventDate "2010.11.18"]
[EventType "tourn"]
[EventRounds "5"]
[EventCountry "CAN"]

1. e4 c5 2. Nf3 d6 3. Bc4 Nc6 4. c3 Bg4 5. d4 Bxf3 6. Qxf3 e6 7. Be3 cxd4 8.
cxd4 Qa5+ 9. Nd2 Nf6 10. a3 d5 11. b4 Bxb4 12. Bd3 Bc3 13. Rd1 Bxd4 14. O-O Ne5
15. Qg3 Nh5 16. Qg5 Bxe3 17. fxe3 dxe4 18. Bxe4 Nf3+ 19. Nxf3 Qxg5 20. Nxg5 Nf6
21. Bxb7 Rb8 22. Bc6+ Ke7 23. e4 Rhc8 24. Bd7 Rc5 25. e5 Rxe5 26. Nf3 Re3 27.
Bc6 Rxa3 28. Ra1 Rbb3 29. Rad1 Rc3 30. Ne5 Ra5 31. Rfe1 Ra2 32. h3 Rcc2 33. Rf1
Nd5 34. Rxf7+ Kd6 35. Rd7+ Kxe5 36. Re1+ Kf6 37. Bxd5 exd5 38. Rd6+ Kg5 39.
Rxd5+ Kh6 40. Re6+ g6 41. Kh2 Rxg2+ 42. Kh1 Rh2+ 43. Kg1 Rxh3 44. Kf1 Rh1# 0-1

[Event "Montcalm III 2010-11"]
[Site "Quebec CAN"]
[Date "2010.11.18"]
[Round "1"]
[White "Kearns, Thomas"]
[Black "Gaulin, Gaetan"]
[Result "0-1"]
[WhiteElo "1632"]
[BlackElo "1970"]
[PlyCount "94"]
[EventDate "2010.11.18"]
[EventType "tourn"]
[EventRounds "5"]
[EventCountry "CAN"]

1. e4 c5 2. Nf3 d6 3. d4 cxd4 4. Nxd4 Nf6 5. Nc3 a6 6. Be2 g6 7. Bg5 Bg7 8. Qd2
h6 9. Be3 Nc6 10. Nxc6 bxc6 11. h3 Rb8 12. Rb1 Qa5 13. b3 O-O 14. O-O Kh7 15.
Nd5 Qxd2 16. Nxf6+ Bxf6 17. Bxd2 c5 18. f4 Bd4+ 19. Kh2 Bg7 20. g4 Bb7 21. Bd3
Rbe8 22. Rbe1 e6 23. a4 Bc8 24. h4 f5 25. exf5 gxf5 26. gxf5 exf5 27. Re2 Rxe2+
28. Bxe2 Bf6 29. h5 Bb7 30. Bf3 Be4 31. Bd1 d5 32. Rg1 Rg8 33. Rxg8 Kxg8 34.
Be3 d4 35. Bd2 Kf7 36. Kg3 Ke6 37. Kf2 Kd6 38. b4 c4 39. Be2 c3 40. Bc1 Bxc2
41. Bxa6 d3 42. Ba3 Bd4+ 43. Kg3 d2 44. Be2 Bxa4 45. b5+ Bc5 46. Bxc5+ Kxc5 47.
Kf3 c2 0-1

[Event "Montcalm III 2010-11"]
[Site "Quebec CAN"]
[Date "2010.11.18"]
[Round "1"]
[White "Lamontagne, Danny"]
[Black "Perron, Jonathan"]
[Result "0-1"]
[WhiteElo "1710"]
[BlackElo "2169"]
[PlyCount "52"]
[EventDate "2010.11.18"]
[EventType "tourn"]
[EventRounds "5"]
[EventCountry "CAN"]

1. e4 c5 2. c3 Nf6 3. e5 Nd5 4. d4 cxd4 5. Nf3 Nc6 6. Bc4 Nb6 7. Bb3 d6 8. exd6
e6 9. d7+ Bxd7 10. Bf4 dxc3 11. Nxc3 Bb4 12. Rc1 O-O 13. O-O Bxc3 14. Rxc3 h6
15. Bd6 Re8 16. Qd3 e5 17. Re1 Qf6 18. Bc2 g6 19. Bc5 Bf5 20. Qe3 Nd5 21. Qxh6
Nxc3 22. Ng5 Qg7 23. Qxg7+ Kxg7 24. Bb3 f6 25. Nf7 Ne4 26. Rxe4 Bxe4 0-1

[Event "Montcalm III 2010-11"]
[Site "Quebec CAN"]
[Date "2010.11.18"]
[Round "1"]
[White "Plante, Rejean"]
[Black "Dumont, Eric"]
[Result "1-0"]
[WhiteElo "1999"]
[BlackElo "1673"]
[PlyCount "91"]
[EventDate "2010.11.18"]
[EventType "tourn"]
[EventRounds "5"]
[EventCountry "CAN"]

1. d4 f5 2. g3 e6 3. Nf3 Nf6 4. Bg2 Be7 5. b3 d6 6. Bb2 O-O 7. O-O c6 8. c4 Qe8
9. Nc3 Ne4 10. Nd2 d5 11. f3 Nxc3 12. Bxc3 f4 13. gxf4 Rxf4 14. e3 Rf5 15. e4
Rf4 16. cxd5 exd5 17. Qe2 Bh4 18. Bb4 Qg6 19. Kh1 Qh6 20. exd5 Bd7 21. Rfd1
cxd5 22. Nf1 Nc6 23. Bd2 Bg5 24. Bxf4 Bxf4 25. Qb5 Rf8 26. Qxd5+ Be6 27. Qe4
Ne7 28. d5 Bxd5 29. Rxd5 Nxd5 30. Qxd5+ Kh8 31. Qxb7 Qf6 32. Rd1 h6 33. Qxa7
Qb2 34. Qe7 Rf6 35. Rd8+ Kh7 36. Qe4+ Rg6 37. Rh8+ Kxh8 38. Qxg6 Qc1 39. Qe8+
Kh7 40. Qe4+ g6 41. Qe7+ Kg8 42. Bh3 Kh8 43. Qf8+ Kh7 44. Qf7+ Kh8 45. Qxg6 Be5
46. Qe8+ 1-0